MARC details
| 000 -LÍDER |
| campo de controle de tamanho fixo |
01142aas a2200241 4500 |
| 003 - IDENTIFICADOR DO NÚMERO DE CONTROLE |
| campo de controle |
BR-BrBNA |
| 005 - DATA E HORÁRIO DA ÚLTIMA TRANSAÇÃO |
| campo de controle |
20230317234021.0 |
| 007 - CAMPO FIXO DE DESCRIÇÃO FÍSICA--INFORMAÇÃO GERAL |
| campo de controle de tamanho fixo |
ta |
| 008 - CAMPO DE DADOS FIXOS--INFORMAÇÃO GERAL |
| campo de controle de tamanho fixo |
230119b bl ||||| |||| 00| 0 por d |
| 022 ## - ISBN - INTERNATIONAL STANDARD BOOK NUMBER |
| ISSN - International Standard Serial Number |
1020-6671 |
| 035 ## - NÚMERO DE CONTROLE DO SISTEMA |
| Número de Controle do Sistema |
000485-5 |
| 040 ## - FONTE DA CATALOGAÇÃO |
| Instituição da catalogação original |
BR-BrBNA |
| Idioma da catalogação |
Eng |
| Instituição que transcreveu o registro |
BR-BrBNA |
| 042 ## - CÓDIGO DE AUTENTICAÇÃO |
| Authentication code |
N |
| 044 ## - CÓDIGO DO PAÍS DA EMPRESA DE PUBLICAÇÃO/PRODUÇÃO |
| Código MARC - País |
bl |
| 245 ## - TÍTULO |
| Título |
Food and Environmental Protection Newsletter |
| Restante do título |
FAO/IAEA |
| Indicação de responsabilidade, etc. |
Food and Agriculture Organization of the United NationsOrganizacion de las Naciones Unidas para la Agricultura y la AlimentacionOrganization des Nations Unies pour l'Alimentation et l'Agriculture |
| 260 ## - PUBLICAÇÃO, DISTRIBUIÇÃO, ETC. |
| Local de publicação, distribuição, etc. |
Vienna, AT |
| Nome do editor, distribuidor, etc. |
FAO/IAEA Division of Nuclear Techniques in Food and Agriculture; FAO/IAEA Agriculture and Biotechnology Laboratory, Seibersdorf |
| Data da publicação, distribuição, etc. |
1999 |
| Local da manufatura |
AT |
| 270 ## - ENDEREÇO |
| Endereço |
International Atomic Energy Agency - Wagramer Strasse 5, P.O. Box 5, A-1400 Vienna, Austria; WED SITES: http:/www.iaea.org/worldatom; http:/www.fao.org |
| 310 ## - FREQUÊNCIA ATUAL DA PUBLICAÇÃO |
| Frequência atual de publicação |
semestral (duas vezes por ano |
| 505 ## - NOTA DE CONTEÚDO FORMATADO |
| Nota de conteúdo formatado |
1999 2(2); 2001 3(1,2); 2002 4(1,2); 2003 5(1,2); 2004 6(1,2)-7(1); |
| 650 12 - ASSUNTO--TERMO TÓPICO |
| Miscelânea |
ALIMENTACAO; PROTECAO AMBIENTAL; MEIO AMBIENTE |
| 909 ## - |
| -- |
56 |
| -- |
Sergio Santos |
| -- |
56 |
| -- |
Sergio Santos |
| 942 ## - ELEMENTOS DE ENTRADA ADICIONADOS (KOHA) |
| Tipo de material Koha |
Periódicos |
| Fonte da classificação ou esquema de arquivamento na estante |
Classificação AGRIS |